Ремонт газотурбинной установки

Библиографические подробности
Главный автор: Виноградов Н. Н. Николай Николаевич
Другие авторы: Труб В. Г. Виктор Григорьевич
Язык:русский
Опубликовано: Ленинград, Недра, 1974
Издание:2-е изд., перераб. и доп.
Серии:Библиотека эксплуатационника магистрального газопровода
Предметы:
Формат: Книга
Запись в KOHA:https://koha.lib.tpu.ru/cgi-bin/koha/opac-detail.pl?biblionumber=360118

MARC

LEADER 00000nam0a2200000 4500
001 360118
005 20231102011243.0
035 |a (RuTPU)RU\TPU\retro\17426 
090 |a 360118 
100 |a 20210312d1974 m y0rusy50 ca 
101 0 |a rus 
102 |a RU 
105 |a a z 001zy 
200 1 |a Ремонт газотурбинной установки  |f Н. Н. Виноградов, В. Г. Труб 
205 |a 2-е изд., перераб. и доп. 
210 |a Ленинград  |c Недра  |d 1974 
215 |a 160 с.  |c ил. 
225 1 |a Библиотека эксплуатационника магистрального газопровода 
320 |a Библиогр.: с. 158 
606 1 |a Авиационные двигатели газотурбинные  |x Ремонт  |2 stltpush  |3 (RuTPU)RU\TPU\subj\317  |9 29281 
610 1 |a узлы 
610 1 |a дефекты 
610 1 |a детали 
610 1 |a сборка 
610 1 |a приемка 
610 1 |a техника безопасности 
675 |a 621.452.3.004  |v 4 
700 1 |a Виноградов  |b Н. Н.  |g Николай Николаевич 
701 1 |a Труб  |b В. Г.  |g Виктор Григорьевич 
801 1 |a RU  |b 63413507  |c 20210312 
801 2 |a RU  |b 63413507  |c 20210830  |g RCR 
942 |c BK